000
00578nam a22001577a 4500
020
_a
9789332536791
082
_a
330
100
_a
James Gerber
245
_a
International Economics
250
_a
6th ed
260
_a
Dorling Kindersley
_b
Pearson education
_c
2014
300
_a
490p
942
_c
BK
999
_c
3253
_d
3253